The manager's book of questions: (Record no. 362494)
[ view plain ]
| 000 -LEADER | |
|---|---|
| fixed length control field | 00429nam a2200121Ia 4500 |
| 008 - FIXED-LENGTH DATA ELEMENTS--GENERAL INFORMATION | |
| fixed length control field | 191108s9999 xx 000 0 und d |
| 020 ## - INTERNATIONAL STANDARD BOOK NUMBER | |
| International Standard Book Number | 0-07-147043-3 |
| 100 ## - MAIN ENTRY--PERSONAL NAME | |
| Personal name | Kador, John |
| 245 ## - TITLE STATEMENT | |
| Statement of responsibility, etc | John Kador.-- |
| Title | The manager's book of questions: |
| Remainder of title | 1001 great interview questions for hiring the right person / |
| 260 ## - PUBLICATION, DISTRIBUTION, ETC. (IMPRINT) | |
| Place of publication, distribution, etc | New York: |
| Name of publisher, distributor, etc | McGraw - Hills Companies, Inc. |
| Date of publication, distribution, etc | 2006 |
| 300 ## - PHYSICAL DESCRIPTION | |
| Extent | 204 pages : |
| 650 ## - SUBJECT ADDED ENTRY--TOPICAL TERM | |
| Topical term or geographic name as entry element | Employment interviewing. |
| Withdrawn status | Lost status | Source of classification or shelving scheme | Damaged status | Home library | Current library | Shelving location | Date acquired | Source of acquisition | Total Checkouts | Full call number | Barcode | Date last seen | Price effective from | Koha item type |
|---|---|---|---|---|---|---|---|---|---|---|---|---|---|---|
| Library of Congress Classification | Southville International School Affiliated with Foreign Universities Library | Southville International School Affiliated with Foreign Universities Library | Southville Foreign University Section | 11/08/2019 | Donation | HF 5549.6I6 .K33 2006 | SFU0238 | 11/08/2019 | 11/08/2019 | Books |